00863cam a2200253Mi 450000500170000000800410001702000180005802000150007603500210009104000440011204100080015624500910016426000530025530000180030849000220032650400410034865000150038965000620040465000280046665000210049465000450051570000270056070000220058720151103124114.0031115s2013 sz fr 000 0 fre d a9782884747189 a2884747184 a(OCoLC)862210454 aCo-BoUCMbspacSaul NiñodSaul Niño0 afre00aRepenser l'urbanismecsous la direction de Thierry Paquot ; préface Isabelle Laudier aGollion, Cantón de Vaud (Suiza)bInfolioc2013 a161 páginas aArchigraphy poche aIncluye referencias bibliográficas 7aUrbanismo  7aOrdenación del territorioxAspectos ambientaleszEuropa 7aUrbanización zEuropa 7aPlanificación  7aPolítica urbana xAspectos ambientales1 aPaquot, Thierryd1952-1 aLaudier, Isabelle